Introduction to operations research : (Record no. 138422)
[ view plain ]
| 000 -LEADER | |
|---|---|
| fixed length control field | 00706nam a22002177a 4500 |
| 005 - DATE AND TIME OF LATEST TRANSACTION | |
| control field | 20170322155803.0 |
| 010 ## - LCCN (DPL NO) | |
| LC control number | ENG-117568 |
| 020 ## - INTERNATIONAL STANDARD BOOK NUMBER | |
| International Standard Book Number | 8121941008 |
| Terms of availability | 495.00 |
| 035 ## - SYSTEM CONTROL NUMBER | |
| System control number | EN-101100 |
| 037 ## - SOURCE OF ACQUISITION | |
| Source of stock number/acquisition | DBAD/PUB |
| 082 ## - DEWEY DECIMAL CLASSIFICATION NUMBER | |
| Classification number | 003 |
| 100 ## - MAIN ENTRY--PERSONAL NAME | |
| Personal name | Gupta,Prem Kumar |
| 245 ## - TITLE STATEMENT | |
| Title | Introduction to operations research : |
| Statement of responsibility, etc | by Prem Kumar Gupta,D.S.Hira [and] Aarti Kamboj |
| Remainder of title | for students to commerce,management,accountancy economics / |
| 260 ## - PUBLICATION, DISTRIBUTION, ETC. (IMPRINT) | |
| Place of publication, distribution, etc | New Delhi |
| Name of publisher, distributor, etc | S.Chand and Company |
| Date of publication, distribution, etc | 2012 |
| 270 ## - ADDRESS | |
| Address | 7361,Ram Nagar |
| City | New Delhi |
| Postal code | 110055 |
| 300 ## - PHYSICAL DESCRIPTION | |
| Extent | xii,1195p. : |
| Dimensions | 25cm(pbk) |
| Other physical details | ill |
| 500 ## - GENERAL NOTE | |
| General note | Includes index |
| 700 ## - ADDED ENTRY--PERSONAL NAME | |
| Personal name | D.S.Hira |
| 700 ## - ADDED ENTRY--PERSONAL NAME | |
| Personal name | Kamboj, Aarti |
| 942 ## - ADDED ENTRY ELEMENTS (KOHA) | |
| Source of classification or shelving scheme | Dewey Decimal Classification |
| Item type | English Books |
| Classification part | 003 |
| Call number suffix | GUP |
| Withdrawn status | Lost status | Not for loan | Collection code | Home library | Current library | Date acquired | Source of acquisition | Cost, normal purchase price | Full call number | Barcode | Copy number | Cost, replacement price | Koha item type |
|---|---|---|---|---|---|---|---|---|---|---|---|---|---|
| Non-fiction | Shahdara Branch | Shahdara Branch | 22/03/2017 | DBAD/PUB | 495.00 | 003 GUP | EN-101100 | 1 | 495.00 | English Books |
